| 000 | 00540pab a2200181 454500 | ||
|---|---|---|---|
| 008 | 180718b1991 xxu||||| |||| 00| 0 eng d | ||
| 100 | _aVillanueva, A.B. | ||
| 245 | _aPolitical changes and value conflicts in American civil service reform | ||
| 260 | _c1991 | ||
| 300 | _ap.660-676. | ||
| 362 | _aOct-Dec | ||
| 650 | _aCivil service reform - United States | ||
| 650 | _aAdministrative reform - United States | ||
| 650 | _aAdministrative reform | ||
| 773 | _aIndian Journal of Public Administration | ||
| 908 | _aN | ||
| 909 | _a89045 | ||
| 999 |
_c89045 _d89045 |
||